District laboratory practice in tropical countries Part 1 (Record no. 340)
[ view plain ]
| 000 -LEADER | |
|---|---|
| fixed length control field | 01157cam a2200301 a 4500 |
| 001 - CONTROL NUMBER | |
| control field | 14298908 |
| 003 - CONTROL NUMBER IDENTIFIER | |
| control field | OSt |
| 005 - DATE AND TIME OF LATEST TRANSACTION | |
| control field | 20160615182449.0 |
| 008 - FIXED-LENGTH DATA ELEMENTS--GENERAL INFORMATION | |
| fixed length control field | 060314m20052006enka b 001 0 eng |
| 010 ## - LIBRARY OF CONGRESS CONTROL NUMBER | |
| LC control number | 2006273416 |
| 020 ## - INTERNATIONAL STANDARD BOOK NUMBER | |
| International Standard Book Number | 9780521135177 |
| 040 ## - CATALOGING SOURCE | |
| Original cataloging agency | DLC |
| Transcribing agency | DLC |
| Modifying agency | DLC |
| 050 00 - LIBRARY OF CONGRESS CALL NUMBER | |
| Classification number | RC961.5 |
| Item number | .C527 2005 |
| 082 00 - DEWEY DECIMAL CLASSIFICATION NUMBER | |
| Classification number | WB 141 C415d 2006 |
| Edition number | 22 |
| 100 1# - MAIN ENTRY--PERSONAL NAME | |
| Personal name | Cheesbrough, Monica. |
| 9 (RLIN) | 884 |
| 245 10 - TITLE STATEMENT | |
| Title | District laboratory practice in tropical countries Part 1 |
| Statement of responsibility, etc. | Monica Cheesbrough. |
| 250 ## - EDITION STATEMENT | |
| Edition statement | 2nd ed. |
| Remainder of edition statement | part 1 |
| 260 ## - PUBLICATION, DISTRIBUTION, ETC. (IMPRINT) | |
| Place of publication, distribution, etc. | Cambridge University Press, 2006 |
| 300 ## - PHYSICAL DESCRIPTION | |
| Extent | vi, 454 p. : |
| Other physical details | ill. (some col.) ; |
| Dimensions | 26 cm. |
| 490 0# - SERIES STATEMENT | |
| Series statement | Tropical health technology |
| 650 #0 - SUBJECT ADDED ENTRY--TOPICAL TERM | |
| Topical term or geographic name as entry element | Tropical medicine |
| 9 (RLIN) | 885 |
| 650 #0 - SUBJECT ADDED ENTRY--TOPICAL TERM | |
| Topical term or geographic name as entry element | Diagnosis, Laboratory |
| 9 (RLIN) | 886 |
| 856 42 - ELECTRONIC LOCATION AND ACCESS | |
| Materials specified | Publisher description |
| Uniform Resource Identifier | <a href="http://www.loc.gov/catdir/enhancements/fy0633/2006273416-d.html">http://www.loc.gov/catdir/enhancements/fy0633/2006273416-d.html</a> |
| 856 41 - ELECTRONIC LOCATION AND ACCESS | |
| Materials specified | Table of contents only |
| Uniform Resource Identifier | <a href="http://www.loc.gov/catdir/enhancements/fy0633/2006273416-t.html">http://www.loc.gov/catdir/enhancements/fy0633/2006273416-t.html</a> |
| 906 ## - LOCAL DATA ELEMENT F, LDF (RLIN) | |
| a | 7 |
| b | cbc |
| c | origcop |
| d | 2 |
| e | ncip |
| f | 20 |
| g | y-gencatlg |
| 942 ## - ADDED ENTRY ELEMENTS (KOHA) | |
| Source of classification or shelving scheme | Other/Generic Classification Scheme |
| Koha item type | Book Bank |
| Withdrawn status | Lost status | Source of classification or shelving scheme | Damaged status | Not for loan | Home library | Current library | Date acquired | Source of acquisition | Inventory number | Total Checkouts | Full call number | Barcode | Date last seen | Koha item type | Date last checked out | Price effective from |
|---|---|---|---|---|---|---|---|---|---|---|---|---|---|---|---|---|
| Other/Generic Classification Scheme | MUST Main Library | MUST Main Library | 12/08/2014 | Purchase | 11/34177 | WB 141 C415d 2006 | 2014-2100 | 12/08/2014 | Book Bank | |||||||
| Other/Generic Classification Scheme | MUST Main Library | MUST Main Library | 12/08/2014 | Purchase | 11/34178 | WB 141 C415d 2006 | 2014-2101 | 12/08/2014 | Book Bank | |||||||
| Other/Generic Classification Scheme | MUST Main Library | MUST Main Library | 12/08/2014 | Purchase | 11/34179 | WB 141 C415d 2006 | 2014-2102 | 12/08/2014 | Book Bank | |||||||
| Other/Generic Classification Scheme | MUST Main Library | MUST Main Library | 12/08/2014 | Purchase | 11/34180 | WB 141 C415d 2006 | 2014-2103 | 12/08/2014 | Book Bank | |||||||
| Other/Generic Classification Scheme | MUST Main Library | MUST Main Library | 12/08/2014 | Purchase | 11/34181 | 1 | WB 141 C415d 2006 | 2014-2104 | 12/10/2022 | Book Bank | 09/08/2022 | |||||
| Other/Generic Classification Scheme | MUST Main Library | MUST Main Library | 12/08/2014 | Purchase | 11/34175 | WB 141 C415d 2006 | 2014-2105 | 12/08/2014 | Book Bank | |||||||
| Other/Generic Classification Scheme | MUST Main Library | MUST Main Library | 12/08/2014 | Purchase | 11/34188 | WB 141 C415d 2006 | 2014-2106 | 12/08/2014 | Book Bank | |||||||
| Other/Generic Classification Scheme | MUST Main Library | MUST Main Library | 12/08/2014 | Purchase | 11/34187 | WB 141 C415d 2006 | 2014-2107 | 12/08/2014 | Book Bank | |||||||
| Other/Generic Classification Scheme | MUST Main Library | MUST Main Library | 12/08/2014 | Purchase | 11/34191 | WB 141 C415d 2006 | 2014-2108 | 12/08/2014 | Book Bank | |||||||
| Other/Generic Classification Scheme | MUST Main Library | MUST Main Library | 12/08/2014 | Purchase | 11/34193 | WB 141 C415d 2006 | 2014-2109 | 12/08/2014 | Book Bank | |||||||
| Other/Generic Classification Scheme | MUST Main Library | MUST Main Library | 12/08/2014 | Purchase | 11/34182 | 1 | WB 141 C415d 2006 | 2014-2110 | 01/11/2021 | Book Bank | 03/03/2021 | |||||
| Other/Generic Classification Scheme | MUST Main Library | MUST Main Library | 12/08/2014 | Purchase | 11/34174 | WB 141 C415d 2006 | 2014-2111 | 12/08/2014 | Book Bank | |||||||
| Other/Generic Classification Scheme | MUST Main Library | MUST Main Library | 12/08/2014 | Purchase | 11/34190 | WB 141 C415d 2006 | 2014-2112 | 12/08/2014 | Book Bank | |||||||
| Other/Generic Classification Scheme | MUST Main Library | MUST Main Library | 12/08/2014 | Purchase | 11/34183 | WB 141 C415d 2006 | 2014-2113 | 12/08/2014 | Book Bank | |||||||
| Other/Generic Classification Scheme | MUST Main Library | MUST Main Library | 12/08/2014 | Purchase | 11/34186 | WB 141 C415d 2006 | 2014-2114 | 12/08/2014 | Book Bank | |||||||
| Other/Generic Classification Scheme | MUST Main Library | MUST Main Library | 12/08/2014 | Purchase | 11/34185 | WB 141 C415d 2006 | 2014-2115 | 12/08/2014 | Book Bank | |||||||
| Other/Generic Classification Scheme | MUST Main Library | MUST Main Library | 12/08/2014 | Purchase | 11/34189 | WB 141 C415d 2006 | 2014-2116 | 12/08/2014 | Book Bank | |||||||
| Other/Generic Classification Scheme | MUST Main Library | MUST Main Library | 12/08/2014 | Purchase | 11/34184 | WB 141 C415d 2006 | 2014-2117 | 12/08/2014 | Book Bank | |||||||
| Other/Generic Classification Scheme | MUST Main Library | MUST Main Library | 12/08/2014 | Purchase | 11/34192 | WB 141 C415d 2006 | 2014-2118 | 12/08/2014 | Book Bank | |||||||
| Other/Generic Classification Scheme | MUST Main Library | MUST Main Library | 12/08/2014 | Purchase | 11/341176 | WB 141 C415d 2006 | 2014-2119 | 12/08/2014 | Book Bank | |||||||
| Other/Generic Classification Scheme | MUST Main Library | MUST Main Library | 15/06/2016 | Purchases | 14/38260 | 1 | WB 141 C415d 2006 | 2016-2497 | 04/11/2016 | Open Shelf | 27/10/2016 | |||||
| Dewey Decimal Classification | MUST Main Library | MUST Main Library | 06/10/2023 | 23/42161 | QY 25 c414d 2006 | 2023-0590 | 06/10/2023 | Open Shelf | 06/10/2023 | |||||||
| Dewey Decimal Classification | MUST Main Library | MUST Main Library | 06/10/2023 | 23/42162 | QY 25 c414d 2006 | 2023-0591 | 06/10/2023 | Open Shelf |
